书目信息 |
| 题名: |
基础日语
|
|
| 作者: | ;北京大学东方语言文学系日语教研室 编 | |
| 分册: | 第二册 | |
| 出版信息: | 北京 商务印书馆 1982.04 |
|
| 页数: | 331页 | |
| 开本: | 20cm | |
| 丛书名: | ||
| 单 册: | ||
| 中图分类: | H36 | |
| 科图分类: | ||
| 主题词: | 日语--高等教育--教材 | |
| 电子资源: | ||
| ISBN: | ||
| 000 | 00741nam0 2200241 45 | |
| 001 | 0185013947 | |
| 005 | 20040510154953.4 | |
| 010 | @dCNY1.35 | |
| 091 | @a9017.1166 | |
| 100 | @a19951024d1982 em y0chiy0121 ea | |
| 101 | 0 | @achi |
| 102 | @aCN@b110000 | |
| 105 | @ay z 000yy | |
| 106 | @ar | |
| 200 | 10 | @a基础日语@h第二册@Aji chu ri yu@f北京大学东方语言文学系日语教研室编 |
| 210 | @a北京@c商务印书馆@d1982.04 | |
| 215 | @a331页@d20cm | |
| 606 | @a日语@x高等教育@x教材 | |
| 690 | @aH36@v3 | |
| 711 | 02 | @a北京大学东方语言文学系日语教研室@4编@Abei jing da xue dong fang yu yan wen xue xi ri yu jiao yan shi |
| 801 | 0 | @aCN@b深圳图书馆@c20040510 |
| 801 | 2 | @aCN@bNLC@c20040510 |
| 905 | @dH36@e161:2@f1@b201508@f1@b201510@b178514@f1 | |
| 基础日语.第二册/北京大学东方语言文学系日语教研室编.-北京:商务印书馆,1982.04 |
| 331页;20cm |
| ISBN :CNY1.35 |
| ● |
| 相关链接 |
|
|
|
|
正题名:基础日语
索取号:H36/161:2
 
预约/预借
| 序号 | 登录号 | 条形码 | 馆藏地/架位号 | 状态 | 备注 |
| 1 | 0178514 | 001929079 | 密集书库/ [索取号:H36/161:2] | 在馆 | |
| 2 | 0201508 | 001167631 | 第四借阅区/ [索取号:H36/161:2] | 在馆 | |
| 3 | 0201510 | 001167622 | 密集书库/ [索取号:H36/161:2] | 在馆 |